Monarchs & Presidents of Nepal by Picture - Statistics

General Stats
  • This quiz has been taken 30 times
  • The average score is 14 of 16
Answer Stats
Picture Hint Answer % Correct
1972-2001 Birendra Bir Bikram Shah Dev
100%
2001 Dipendra Bir Bikram Shah Dev
100%
1950-1951 | 2001-2008 Gyanendra Bir Bikram Shah Dev
100%
2015-2023 Bidya Devi Bhandari
90%
1881-1911 Prithvi Bir Bikram Shah
90%
1743-1775 Prithvi Narayan Shah
90%
2007-2008 Girija Prasad Koirala
86%
1955-1972 Mahendra Bir Bikram Shah Dev
86%
1816-1847 Rajendra Bikram Shah
86%
2008-2015 Ram Baran Yadav
86%
2023-Present Ram Chandra Poudel
86%
1911-1950 | 1951-1955 Tribhuvan Bir Bikram Shah
86%
1799-1816 Girvan Yuddha Bikram Shah
81%
1777-1799 Rana Bahadur Shah
81%
1847-1881 Surendra Bikram Shah
81%
1775-1777 Pratap Singh Shah
76%
No matching quizzes found
Score Distribution
Percent of People with Each Score
Percentile by Number Answered
Your Score History
You have not taken this quiz